Normal view
MARC view
Entry Término temático
001 - NÚMERO DE CONTROL
- campo de control: 30160
003 - IDENTIFICADOR DEL NÚMERO DE CONTROL
- campo de control: FranzMayer
005 - FECHA Y HORA DE LA ÚLTIMA TRANSACCIÓN
- campo de control: 20260331172638.0
008 - DATOS DE LONGITUD FIJA
- campo de control de longitud fija: 260331|| aca||aabn | a|a d
040 ## - FUENTE DE LA CATALOGACIÓN
- Centro catalogador/agencia de origen: FranzMayer
- Centro/agencia transcriptor: FranzMayer
150 ## - ENCABEZAMIENTO--TÉRMINO DE MATERIA
- Término de materia o nombre geográfico como elemento de entrada: Atlases
- Subdivisión cronológica: Early works to 1800
670 ## - FUENTE DE DATOS ENCONTRADOS
- Cita de la fuente: Work cat.: (FranzMayer)11110: Janssonius, Johannes (1588-1664) editor e impresor 30057, Atlas Minor, Das ist: Eine kurtze jedoch gründliche Beschreibung der gantzen Welt. In zwey Theile abgetheilt. Das Erste begreifft Groß-Britannien, die Mitternächtige Länder, Teutschland und Niederland (Vol. I). // Das Ander Theil. Das Ander begreifft Frankreich, Hispanien, Italien, Bergstrass und Asia, Africa und America (Vol. II) /, 1648